| 000 | 00512nam a2200169Ia 4500 | ||
|---|---|---|---|
| 008 | 140626s9999 xx 000 0 und d | ||
| 100 | _aWaterman, Amanda. | ||
| 245 |
_aHelping children correctly say "I don't know" to unanswerable questions / _cAmanda Waterman ... [et al.]. |
||
| 260 | _cc2011. | ||
| 300 | _a17 : 4, page 396 | ||
| 440 | _aJournal of Experimental Psycholgy : Applied | ||
| 521 | _aPSYCH | ||
| 650 | _aInstruction. | ||
| 650 | _aInterview. | ||
| 650 | _aMemory narrative. | ||
| 942 | _cSE | ||
| 999 |
_c121331 _d121331 |
||